[Event "TUR Cup"]
[Site "Denizli"]
[Date "2023.07.22"]
[Round "9"]
[White "Sen, Irem"]
[Black "Ozbay, Ece"]
[Result "1-0"]
[WhiteElo "1601"]
[BlackElo "1981"]
[PlyCount "97"]
[EventDate "2023.07.16"]
[EventType "team-tourn"]
[EventRounds "9"]
[EventCountry "TUR"]
[SourceTitle "CBM 215 Extra"]
[Source "ChessBase"]
[SourceDate "2023.09.30"]
[SourceVersion "1"]
[SourceVersionDate "2023.09.30"]
[SourceQuality "1"]

1. d4 d5 2. c4 c6 3. cxd5 cxd5 4. Nc3 Nf6 5. Bf4 e6 6. e3 Bd6 7. Bxd6 Qxd6 8. Bd3 0-0 9. Nf3 Nc6 10. Rc1 b6 11. 0-0 Bb7 12. a3 Rac8 13. Qe2 Rfe8 14. Rfd1 Qb8 15. b4 g6 16. b5 Na5 17. Ne5 Qd6 18. Qf3 Kg7 19. g4 Re7 20. g5 Ng8 21. Nb1 Nc4 22. Ng4 e5 23. Bxc4 dxc4 24. d5 f5 25. gxf6+ Nxf6 26. Qxf6+ Qxf6 27. Nxf6 Kxf6 28. e4 Rd7 29. Rc3 Rc5 30. a4 a6 31. Na3 axb5 32. axb5 Rdc7 33. d6 Rd7 34. Rxc4 Ke6 35. Rxc5 bxc5 36. Nc4 Rd8 37. f3 Bc8 38. Ra1 Bd7 39. Ra5 Rf8 40. Kg2 Rb8 41. b6 Rc8 42. b7 Rb8 43. Rxc5 Rxb7 44. Rxe5+ Kf6 45. Re7 Rb4 46. e5+ Kg5 47. Rxd7 Rxc4 48. Rf7 Rd4 49. d7 1-0

[Event "Istanbul op-B"]
[Site "Istanbul"]
[Date "2018.09.07"]
[Round "8"]
[White "Sen, Irem"]
[Black "Gezici, Omer Ata"]
[Result "1-0"]
[WhiteElo "1670"]
[BlackElo "1736"]
[PlyCount "55"]
[EventDate "2018.09.02"]
[EventType "swiss"]
[EventRounds "9"]
[EventCountry "TUR"]
[SourceTitle "CBM 186 Extra"]
[Source "ChessBase"]
[SourceDate "2018.08.24"]
[SourceVersion "1"]
[SourceVersionDate "2018.08.24"]
[SourceQuality "1"]

1. d4 d5 2. Nf3 Nf6 3. c4 c6 4. Nbd2 Bf5 5. Nh4 Be4 6. f3 Bg6 7. Qb3 Qc7 8. g4 e6 9. g5 Nfd7 10. e4 dxe4 11. Nxg6 hxg6 12. Nxe4 Na6 13. c5 Naxc5 14. dxc5 Nxc5 15. Nxc5 Bxc5 16. Qc3 Qb6 17. Bd2 Bf2+ 18. Kd1 0-0-0 19. Kc2 Bg3 20. h3 Rd7 21. Be3 Qc7 22. Be2 Be5 23. Qb4 c5 24. Qe4 Bd4 25. Rad1 Qg3 26. Bxd4 Rh4 27. Qe5 Qg2 28. Rdg1 1-0

[Event "Istanbul op-B"]
[Site "Istanbul"]
[Date "2018.09.04"]
[Round "5"]
[White "Oney, Fatmanur"]
[Black "Sen, Irem"]
[Result "1/2-1/2"]
[WhiteElo "1774"]
[BlackElo "1670"]
[PlyCount "99"]
[EventDate "2018.09.02"]
[EventType "swiss"]
[EventRounds "9"]
[EventCountry "TUR"]
[SourceTitle "CBM 186 Extra"]
[Source "ChessBase"]
[SourceDate "2018.08.24"]
[SourceVersion "1"]
[SourceVersionDate "2018.08.24"]
[SourceQuality "1"]

1. d4 d5 2. Nf3 Nf6 3. c4 dxc4 4. e3 a6 5. Bxc4 e6 6. Nc3 b5 7. Bd3 Bb7 8. a3 c5 9. 0-0 Nbd7 10. Be2 Be7 11. h3 0-0 12. dxc5 Bxc5 13. b4 Ba7 14. Bb2 Qe7 15. Rc1 Rfd8 16. Qc2 Rac8 17. Qb1 Nb6 18. Rfd1 Nc4 19. Rxd8+ Qxd8 20. Rd1 Qc7 21. Bxc4 Qxc4 22. Ne5 Qc7 23. Ne2 Be4 24. Qc1 Qxc1 25. Rxc1 Rxc1+ 26. Nxc1 Kf8 27. Nb3 Bd5 28. Nd4 Bb6 29. f3 Bc7 30. Nd3 Nd7 31. Kf2 Bd6 32. e4 Bc4 33. Ke3 Bxd3 34. Kxd3 Ne5+ 35. Ke2 Nc4 36. Bc1 Ke7 37. f4 f6 38. Kd3 e5 39. Nf5+ Kf7 40. Nxd6+ Nxd6 41. fxe5 fxe5 42. Bb2 Kf6 43. Bc3 Nc4 44. a4 Kg5 45. axb5 axb5 46. g3 h5 47. Be1 g6 48. Ke2 h4 49. Kf3 hxg3 50. Kxg3 1/2-1/2

[Event "TUR-chT 2nd League"]
[Site "Konya"]
[Date "2018.07.19"]
[Round "6.2"]
[White "Sen, Irem"]
[Black "Kocyigit, Buse Naz"]
[Result "0-1"]
[WhiteElo "1678"]
[BlackElo "1937"]
[PlyCount "72"]
[EventDate "2018.07.16"]
[EventType "team-swiss"]
[EventRounds "9"]
[EventCountry "TUR"]
[SourceTitle "EXT 2019"]
[Source "ChessBase"]
[SourceDate "2018.10.10"]
[SourceVersion "1"]
[SourceVersionDate "2018.10.10"]
[SourceQuality "1"]
[WhiteTeam "Istanbul Moda"]
[BlackTeam "Olbia VE Spor"]
[WhiteTeamCountry "TUR"]
[BlackTeamCountry "TUR"]

1. d4 d5 2. Nf3 Nf6 3. c4 c6 4. Nbd2 g6 5. g3 Bg7 6. Bg2 0-0 7. b3 Nbd7 8. Bb2 dxc4 9. Nxc4 Ne4 10. Nfe5 Nd6 11. 0-0 f5 12. Qc2 Nf6 13. a4 Be6 14. a5 a6 15. Rfd1 Qe8 16. e3 g5 17. Nb6 Rb8 18. d5 cxd5 19. Nxd5 Nxd5 20. Bxd5 Bxd5 21. Rxd5 Rc8 22. Qe2 Rc7 23. Ba3 Nb5 24. Bb4 Nc3 25. Bxc3 Rxc3 26. Rad1 Bxe5 27. Rxe5 e6 28. b4 Rf6 29. Qd2 Qc6 30. Qd8+ Kg7 31. Rd7+ Kg6 32. Qg8+ Kh5 33. Qxh7+ Rh6 34. Qf7+ Kg4 35. Rd1 Rc1 36. Qd7 Qxd7 0-1

[Event "TUR-chT 1st League"]
[Site "Konya"]
[Date "2017.07.22"]
[Round "8.12"]
[White "Kara, Gulce Nehir"]
[Black "Sen, Irem"]
[Result "1-0"]
[WhiteElo "1641"]
[BlackElo "1611"]
[PlyCount "91"]
[EventDate "2017.07.17"]
[EventType "team-swiss"]
[EventRounds "9"]
[EventCountry "TUR"]
[SourceTitle "CBM 179 Extra"]
[Source "ChessBase"]
[SourceDate "2017.08.23"]
[SourceVersion "1"]
[SourceVersionDate "2017.08.23"]
[SourceQuality "1"]
[WhiteTeam "Yalova Belediye"]
[BlackTeam "Kocaeli Buyuksehir"]
[WhiteTeamCountry "TUR"]
[BlackTeamCountry "TUR"]

1. e4 g6 2. d4 Bg7 3. Nc3 c6 4. Nf3 d6 5. Be3 Nf6 6. h3 0-0 7. Qd2 b5 8. Bd3 Nbd7 9. 0-0 e5 10. Bh6 Qe7 11. a3 Rd8 12. Bxg7 Kxg7 13. Rfe1 Bb7 14. Rad1 a5 15. Ne2 exd4 16. Nexd4 Re8 17. Nh4 Qe5 18. Nhf3 Qc5 19. b4 Qb6 20. Qg5 Kh8 21. Qf4 Qc7 22. Ng5 Kg7 23. c4 bxc4 24. Bxc4 Ne5 25. Bxf7 Qe7 26. Bxe8 Rxe8 27. Nde6+ Kg8 28. Nd4 axb4 29. axb4 Nh5 30. Qc1 Qf6 31. Ndf3 Nxf3+ 32. Nxf3 Nf4 33. Qe3 Rf8 34. Kh2 Bc8 35. e5 dxe5 36. Qxe5 Qxe5 37. Nxe5 Ne6 38. Nxc6 Kg7 39. Rd2 Rf7 40. Nd8 Nxd8 41. Rxd8 Bd7 42. Rb1 Kf6 43. b5 Ke7 44. b6 Bc6 45. Rc8 Kd7 46. Rc7+ 1-0

[Event "TUR-chT 1st League"]
[Site "Konya"]
[Date "2017.07.18"]
[Round "3.11"]
[White "Sen, Irem"]
[Black "Zengin, Hande"]
[Result "1/2-1/2"]
[WhiteElo "1611"]
[BlackElo "1573"]
[PlyCount "157"]
[EventDate "2017.07.17"]
[EventType "team-swiss"]
[EventRounds "9"]
[EventCountry "TUR"]
[SourceTitle "CBM 179 Extra"]
[Source "ChessBase"]
[SourceDate "2017.08.23"]
[SourceVersion "1"]
[SourceVersionDate "2017.08.23"]
[SourceQuality "1"]
[WhiteTeam "Kocaeli Buyuksehir"]
[BlackTeam "Ankara Ego"]
[WhiteTeamCountry "TUR"]
[BlackTeamCountry "TUR"]

1. e4 e5 2. Nf3 d6 3. d4 exd4 4. Nxd4 Nf6 5. Nc3 Be7 6. Be2 0-0 7. 0-0 d5 8. exd5 Nxd5 9. Nxd5 Qxd5 10. c4 Qd8 11. Be3 c6 12. Qc2 Qc7 13. Rad1 Nd7 14. a3 Nf6 15. h3 a5 16. Rd2 Re8 17. Rfd1 Bf8 18. Bf3 g6 19. Re2 Bg7 20. Qc1 Bd7 21. Bh6 Rxe2 22. Nxe2 Bxh6 23. Qxh6 Be6 24. Qc1 Rd8 25. Nd4 Bc8 26. Qg5 Kg7 27. Qc5 Re8 28. Nb5 Re5 29. Qd6 Qe7 30. Qxe7 Rxe7 31. Nd4 Bd7 32. b4 axb4 33. axb4 Ne8 34. Kf1 f5 35. Re1 Rxe1+ 36. Kxe1 Kf6 37. Kd2 Ke5 38. Ke3 Nd6 39. Be2 Be8 40. Nf3+ Kf6 41. Kd4 Ne4 42. Ke3 Bf7 43. Bd3 Nd6 44. Kd4 b6 45. Nd2 Ke6 46. c5 bxc5+ 47. Kxc5 Be8 48. Nf3 h6 49. Nd4+ Kd7 50. Bc2 Kc7 51. Ne6+ Kd7 52. Nd4 Kc7 53. f3 Nb7+ 54. Kc4 Bf7+ 55. Kc3 Kd6 56. Bb3 Bxb3 57. Kxb3 Kd5 58. Kc3 Nd6 59. Kd3 Nf7 60. Ke3 f4+ 61. Kd3 Ne5+ 62. Kc3 Nf7 63. Kd3 Nd6 64. Ne2 Ke5 65. Nd4 Kd5 66. Ne2 g5 67. Nc3+ Ke5 68. Nd1 Nf5 69. Nf2 Kd5 70. Ng4 Ke6 71. Ke4 h5 72. Ne5 Ng3+ 73. Kd4 Ne2+ 74. Ke4 Nc3+ 75. Kd4 Nb5+ 76. Ke4 Nd6+ 77. Kd4 Nf5+ 78. Ke4 Nd6+ 79. Kd4 1/2-1/2

[Event "TUR-chT"]
[Site "Izmir"]
[Date "2016.08.05"]
[Round "13.2"]
[White "Sen, Irem"]
[Black "Gundogan, Sinem Cagla"]
[Result "0-1"]
[WhiteElo "1575"]
[BlackElo "1845"]
[PlyCount "110"]
[EventDate "2016.07.25"]
[EventType "team-swiss"]
[EventRounds "13"]
[EventCountry "TUR"]
[SourceTitle "CBM 173 Extra"]
[Source "ChessBase"]
[SourceDate "2016.08.29"]
[SourceVersion "1"]
[SourceVersionDate "2016.08.29"]
[SourceQuality "1"]
[WhiteTeam "Bogazici Universitesi"]
[BlackTeam "Hatay Buyuksehir"]
[WhiteTeamCountry "TUR"]
[BlackTeamCountry "TUR"]

1. e4 e5 2. Nf3 Nc6 3. Nc3 g6 4. Bb5 Bg7 5. 0-0 Nge7 6. d3 0-0 7. Bg5 h6 8. Bh4 g5 9. Bg3 d6 10. Nd2 Ng6 11. Ne2 Bg4 12. f3 Bd7 13. c3 Nf4 14. Nb3 a6 15. Bxc6 Bxc6 16. d4 Nxe2+ 17. Qxe2 exd4 18. Nxd4 Bxd4+ 19. cxd4 Bb5 20. Qc2 Bxf1 21. Rxf1 Qe7 22. f4 Rae8 23. e5 dxe5 24. fxe5 Rd8 25. Bf2 Rd5 26. Qc4 Rfd8 27. b4 c6 28. Be3 Qd7 29. h3 Rxd4 30. Bxd4 Qxd4+ 31. Qxd4 Rxd4 32. a3 Re4 33. Rd1 Rxe5 34. Rd7 Rb5 35. Kf2 Kg7 36. Ke3 Kf6 37. Kd4 Ke6 38. Rc7 Rd5+ 39. Kc3 Rd7 40. Rc8 Kf5 41. Rh8 Kf4 42. g4 Rd6 43. Rf8 Rf6 44. Rb8 b5 45. Ra8 Kg3 46. Rxa6 Kxh3 47. Kd4 Kxg4 48. Kc5 h5 49. Rxc6 Rxc6+ 50. Kxc6 h4 51. Kxb5 h3 52. Ka6 h2 53. a4 h1Q 54. a5 Qa8+ 55. Kb6 f5 0-1

[Event "TUR-chT"]
[Site "Izmir"]
[Date "2016.07.27"]
[Round "3.8"]
[White "Celik, Eda"]
[Black "Sen, Irem"]
[Result "1-0"]
[WhiteElo "1745"]
[BlackElo "1575"]
[PlyCount "85"]
[EventDate "2016.07.25"]
[EventType "team-swiss"]
[EventRounds "13"]
[EventCountry "TUR"]
[SourceTitle "CBM 173 Extra"]
[Source "ChessBase"]
[SourceDate "2016.08.29"]
[SourceVersion "1"]
[SourceVersionDate "2016.08.29"]
[SourceQuality "1"]
[WhiteTeam "Kayseri Seker"]
[BlackTeam "Bogazici Universitesi"]
[WhiteTeamCountry "TUR"]
[BlackTeamCountry "TUR"]

1. e4 g6 2. d4 Bg7 3. Nc3 c6 4. Nf3 d6 5. a4 Nf6 6. Bc4 d5 7. exd5 cxd5 8. Bb5+ Bd7 9. Bf4 Nc6 10. Bxc6 Bxc6 11. 0-0 0-0 12. Re1 e6 13. a5 b5 14. Ne5 Qc8 15. Na2 Bb7 16. Nb4 a6 17. Ra3 Nh5 18. Bc1 Qe8 19. Nbd3 Bf6 20. Bh6 Ng7 21. Nc5 Bc6 22. Qf3 Be7 23. Ng4 Qd8 24. Qh3 Nf5 25. Bxf8 Bxf8 26. c3 h5 27. Ne5 Be8 28. Raa1 Qc7 29. b4 Bh6 30. Rad1 Qe7 31. Qd3 Qg5 32. Nf3 Qf6 33. Qe2 Bf4 34. g3 Bb8 35. Ne5 Qe7 36. Kg2 Kg7 37. h3 Qg5 38. Nf3 Qe7 39. Qd2 Qd6 40. Ne5 f6 41. Nf3 Nxg3 42. Rxe6 Qc7 43. Rxe8 1-0

[Event "TUR-chT2"]
[Site "Konya"]
[Date "2015.07.31"]
[Round "9.2"]
[White "Erece, Ece Alkim"]
[Black "Sen, Irem"]
[Result "1-0"]
[WhiteElo "1612"]
[BlackElo "1589"]
[PlyCount "71"]
[EventDate "2015.07.25"]
[EventType "team-swiss"]
[EventRounds "9"]
[EventCountry "TUR"]
[SourceTitle "CBM 167 Extra"]
[Source "ChessBase"]
[SourceDate "2015.09.14"]
[SourceVersion "1"]
[SourceVersionDate "2015.09.14"]
[SourceQuality "1"]
[WhiteTeam "Bursa Buyuksehir"]
[BlackTeam "Istanbul Bogazici Univ"]
[WhiteTeamCountry "TUR"]
[BlackTeamCountry "TUR"]

1. e4 e5 2. Nf3 Nc6 3. d4 exd4 4. Bc4 Nf6 5. Ng5 Ne5 6. Bb3 h6 7. f4 hxg5 8. fxe5 Nh7 9. 0-0 Qe7 10. Bxf7+ Kd8 11. Qxd4 Qc5 12. c3 Be7 13. Be3 Qb6 14. Nd2 Qxb2 15. e6 Qb6 16. Nc4 Qxd4 17. Bxd4 Nf6 18. e5 Ng4 19. Rfd1 c5 20. exd7 Bxd7 21. Be3 Kc7 22. h3 Nh6 23. e6 Bb5 24. Ne5 Rhd8 25. Ng6 Rxd1+ 26. Rxd1 Bf6 27. Bxc5 Bxc3 28. Rc1 Bf6 29. Bxa7+ Bc6 30. Be3 Rxa2 31. e7 Rxg2+ 32. Kf1 Bxe7 33. Nxe7 Nxf7 34. Nxc6 Rg3 35. Ne5+ Kb8 36. Nd7+ 1-0

[Event "TUR-chT2"]
[Site "Konya"]
[Date "2015.07.26"]
[Round "2.4"]
[White "Ozaltun, Ecem"]
[Black "Sen, Irem"]
[Result "0-1"]
[WhiteElo "1527"]
[BlackElo "1589"]
[PlyCount "58"]
[EventDate "2015.07.25"]
[EventType "team-swiss"]
[EventRounds "9"]
[EventCountry "TUR"]
[SourceTitle "CBM 167 Extra"]
[Source "ChessBase"]
[SourceDate "2015.09.14"]
[SourceVersion "1"]
[SourceVersionDate "2015.09.14"]
[SourceQuality "1"]
[WhiteTeam "Izmir Karsiyaka"]
[BlackTeam "Istanbul Bogazici Univ"]
[WhiteTeamCountry "TUR"]
[BlackTeamCountry "TUR"]

1. d4 d5 2. e3 Nf6 3. Bd3 e6 4. Nf3 b6 5. b3 Be7 6. Bb2 0-0 7. 0-0 Bb7 8. Ne5 c5 9. f4 Nc6 10. a3 h6 11. Nd2 Nd7 12. Ndf3 Ndxe5 13. Nxe5 Nxe5 14. fxe5 Bg5 15. Qe2 Rc8 16. c4 Qd7 17. Rad1 Qc6 18. Bc1 Rcd8 19. Qg4 dxc4 20. bxc4 cxd4 21. exd4 Bxc1 22. Rxc1 Rxd4 23. Qe2 Rxd3 24. a4 Re3 25. Qf2 Rxe5 26. Qc2 Rg5 27. Rf2 Qc5 28. Kh1 Rh5 29. Rcf1 Qe5 0-1